<?xml version="1.0" encoding="UTF-8"?>
<record
    xmlns:xsi="http://www.w3.org/2001/XMLSchema-instance"
    xsi:schemaLocation="http://www.loc.gov/MARC21/slim http://www.loc.gov/standards/marcxml/schema/MARC21slim.xsd"
    xmlns="http://www.loc.gov/MARC21/slim">

  <leader>00563nam a22001697a 4500</leader>
  <datafield tag="999" ind1=" " ind2=" ">
    <subfield code="c">60983</subfield>
    <subfield code="d">60983</subfield>
  </datafield>
  <controlfield tag="005">20231204114135.0</controlfield>
  <controlfield tag="008">231204s1971    ru ||||| |||| 00| 0 rus d</controlfield>
  <datafield tag="041" ind1=" " ind2=" ">
    <subfield code="a">rus</subfield>
  </datafield>
  <datafield tag="080" ind1=" " ind2=" ">
    <subfield code="a">94(354) &#x411;-43</subfield>
  </datafield>
  <datafield tag="100" ind1=" " ind2=" ">
    <subfield code="a">&#x411;&#x435;&#x43B;&#x44F;&#x432;&#x441;&#x43A;&#x438;&#x439;, &#x412;.&#x410;.</subfield>
    <subfield code="9">20562</subfield>
  </datafield>
  <datafield tag="245" ind1=" " ind2=" ">
    <subfield code="a">&#x412;&#x430;&#x432;&#x438;&#x43B;&#x43E;&#x43D; &#x43B;&#x435;&#x433;&#x435;&#x43D;&#x434;&#x430;&#x440;&#x43D;&#x44B;&#x439; &#x438; &#x412;&#x430;&#x432;&#x438;&#x43B;&#x43E;&#x43D; &#x438;&#x441;&#x442;&#x43E;&#x440;&#x438;&#x447;&#x435;&#x441;&#x43A;&#x438;&#x439; /</subfield>
    <subfield code="c">&#x412;.&#x410;. &#x411;&#x435;&#x43B;&#x44F;&#x432;&#x441;&#x43A;&#x438;&#x439;.</subfield>
  </datafield>
  <datafield tag="264" ind1=" " ind2=" ">
    <subfield code="a">&#x41C;&#x43E;&#x441;&#x43A;&#x432;&#x430; :</subfield>
    <subfield code="b">&#x43C;&#x44B;&#x441;&#x43B;&#x44C;,</subfield>
    <subfield code="c">1971.</subfield>
  </datafield>
  <datafield tag="300" ind1=" " ind2=" ">
    <subfield code="a">318 &#x441;.:</subfield>
    <subfield code="b">&#x438;&#x43B;.;</subfield>
    <subfield code="c">18 &#x441;&#x43C;.</subfield>
  </datafield>
  <datafield tag="653" ind1=" " ind2=" ">
    <subfield code="a">&#x10D1;&#x10D0;&#x10D1;&#x10D8;&#x10DA;&#x10DD;&#x10DC;&#x10D8;  </subfield>
  </datafield>
  <datafield tag="653" ind1=" " ind2=" ">
    <subfield code="a">&#x10D8;&#x10E1;&#x10E2;&#x10DD;&#x10E0;&#x10D8;&#x10D0;</subfield>
  </datafield>
  <datafield tag="942" ind1=" " ind2=" ">
    <subfield code="2">udc</subfield>
    <subfield code="c">BK</subfield>
  </datafield>
  <datafield tag="952" ind1=" " ind2=" ">
    <subfield code="0">0</subfield>
    <subfield code="1">0</subfield>
    <subfield code="2">udc</subfield>
    <subfield code="4">0</subfield>
    <subfield code="6">94354_B44</subfield>
    <subfield code="7">0</subfield>
    <subfield code="9">97239</subfield>
    <subfield code="a">CPL</subfield>
    <subfield code="b">CPL</subfield>
    <subfield code="c">GEN</subfield>
    <subfield code="d">2023-12-04</subfield>
    <subfield code="g">5.00</subfield>
    <subfield code="o">94(354) B-44</subfield>
    <subfield code="p">65504</subfield>
    <subfield code="r">2023-12-04</subfield>
    <subfield code="t">65504</subfield>
    <subfield code="u">&#x10D1;&#x10E1;&#x10E3;-&#x10E1; &#x10E1;&#x10D0;&#x10DE;&#x10D0;&#x10E2;&#x10D8;&#x10DD; &#x10D3;&#x10DD;&#x10E5;&#x10E2;&#x10DD;&#x10E0;&#x10D8;&#x10E1; &#x10D2;&#x10E3;&#x10E0;&#x10D0;&#x10DB; &#x10DA;&#x10DD;&#x10E0;&#x10D7;&#x10E5;&#x10D8;&#x10E4;&#x10D0;&#x10DC;&#x10D8;&#x10EB;&#x10D8;&#x10E1; &#x10E1;&#x10D0;&#x10E9;&#x10E3;&#x10E5;&#x10D0;&#x10E0;&#x10D8;</subfield>
    <subfield code="w">2023-12-04</subfield>
    <subfield code="y">BK</subfield>
    <subfield code="z">5 &#x10DA;.</subfield>
  </datafield>
</record>
